000 003190000a22001450004500
005 20120302054510.0
942 _cBOOK
245 _a Kalyan:Varsha-40 Dharmanka
260 _aGorakhpur:Geeta,1966.
300 _a700p.
040 _aHIN
650 _aSankirna
650 _aMaasik-Sankirna
650 _aUpnishada-Anka
999 _c345794
_d345791